Ritmos

Saved in:
Bibliografiske detaljer
Hovedforfatter: González, Pedro Antonio (Author)
Format: Bog
Sprog:spansk
Udgivet: Concepción Universidad de Concepción 1997
Serier:Colección Cuadernos Atenea. Serie Literatura
Fag:
Tags: Tilføj Tag
Ingen Tags, Vær først til at tagge denne postø!

MARC

LEADER 00000nam a2200000 a 4500
001 UCN0995
003 CL-VaPUC
005 20230531074352.0
008 010406e19970000CL |||||||||||||||||spa|d
999 |c 294596  |d 294594 
040 |c Pontificia Universidad Católica de Valparaíso 
082 0 4 |a Ch861  |b GON  |2 21 
100 |a González, Pedro Antonio  |e author  |9 505042 
245 1 0 |a Ritmos 
260 |a Concepción  |b Universidad de Concepción  |c 1997 
300 |a 125 p 
490 0 |a Colección Cuadernos Atenea. Serie Literatura 
583 |a last modification  |c 20010406 00:00:00  |k Rodrigo Vera 
650 0 |a Literatura chilena   |9 308278 
650 0 |a Poesías chilenas   |9 265280 
852 |a BIBCUR 
942 |c BK  |2 ddc 
945 |d 20010406 00:00:00  |a vberengu 
952 |0 0  |1 0  |4 0  |6 CH_861_000000000000000_GON_1997  |7 0  |8 A  |9 347130  |a BIBING  |b BIBING  |d 2019-11-20  |i 371182K  |o Ch861 GON 1997  |p 371182K  |r 2025-01-20  |w 2019-11-20  |y BK  |k CUI